000 00737cam a22002413a 4500
001 11990
003 PGUSA
005 20140828083243.0
008 040401s2004||||xxu|||||s|||||000 i eng d
040 _aPGUSA
_beng
042 _adc
050 4 _aPR
100 1 _aHead, Franklin H.
_q(Franklin Harvey),
_d1832-1914
245 1 0 _aShakespeare's Insomnia, and the Causes Thereof
_h[electronic resource] /
_cFranklin H. Head
260 _bProject Gutenberg,
_c2004
506 _aPublic domain in the USA.
516 _aElectronic text
653 _aShakespeare, William, 1564-1616 -- Miscellanea
653 _aImaginary letters
830 0 _aProject Gutenberg
_v11990
856 4 0 _uhttp://www.gutenberg.org/ebooks/11990
942 _cEB
999 _c241245
_d241245